000 00432nam a22001817a 4500
999 _c163237
_d163237
005 20200122164348.0
010 _aEN-44679 EN-111047
020 _a8187649070
_c200.00
035 _aENG-127515
037 _bKatha
082 _aN
100 _aAnand
245 _aVyasa and vighneshwara /
_cAnand
260 _aNew Delhi
_bKatha
_c2000
300 _a157p.
_c21cm(pbk)
700 _aMathew, Saji
942 _2ddc
_cEN
_hN
_mANA